Greatest Rock Albums of Each year since 1960 - Statistics

General Stats
  • This quiz has been taken 63 times
  • The average score is 21 of 56
Answer Stats
Year Artist Answer % Correct
1969 The Beatles Abbey Road
81%
1991 Nirvana Nevermind
81%
1980 AC/DC Back in Black
79%
1977 Fleetwood mac Rumours
77%
1973 Pink Floyd Dark Side of the Moon
74%
1976 Eagles Hotel California
74%
1987 Guns n' Roses Appetite for Destruction
68%
1986 Metallica Master of Puppets
68%
1979 The Clash London Calling
66%
1997 Radiohead OK Computer
64%
1970 Black Sabbath Paranoid
64%
1978 Van Halen Van Halen
64%
1994 Green Day Dookie
62%
1971 Led Zeppelin Led Zeppelin IV
62%
1966 The Beatles Revolver
60%
2004 Green Day American Idiot
57%
1993 Nrvana In Utero
57%
2010 The Black Keys Brothers
55%
1975 Pink Floyd Wish You Were Here
55%
1985 Dire Straits Brothers in Arms
51%
1967 The Beatles Sgt. Pepper's Lonely Hearts Club Band
51%
1995 Oasis (What's the Story) Morning Glory ?
49%
1963 The Beatles Please Please Me
45%
1983 The Police Synchronicity
45%
2000 Radiohead Kid A
43%
1972 The Rolling Stones Exile on Main St.
40%
1981 Rush Moving Picture
34%
1989 Mötley Crue Dr. Feelgood
30%
2003 The White Stripes Elephant
30%
1965 The Who My Generation
30%
2002 Queens of the Stone Age Songs for the Deaf
30%
1988 U2 Rattle and Hum
28%
2005 Gorillaz Demon Days
26%
1990 AC/DC The Razor's Edge
26%
1998 The Offspring Americana
25%
1974 Queen Sheer Heart Attack
25%
2006 Red Hot Chili peppers Stadium Arcadium
25%
1984 Queen The Works
25%
1962 Bob Dylan Bob Dylan
19%
1992 Green Day Kerplunk
17%
2013 Queens of the Stone Age ...Like Clockwork
17%
2007 Arctic Monkeys Favourite Worst Nightmare
15%
1982 Van Halen Diver Down
13%
1996 Soundgarden Down on the Upside
13%
1968 The Beatles The Beatles [White Album]
13%
2001 Muse Origin of Symetry
11%
1999 Foo Fighters There Is Nothing Left to Lose
11%
2011 Foo Fighters Wasting Light
11%
2014 AC/DC Rock or Bust
9%
2009 Muse The Resistance
9%
1960 Elvis Presley Elvis Is Back
8%
1961 Chuck Berry New Juke Box Hits
8%
2012 Rush Clockwork Angels
6%
2015 UFO A Conspiracy of Stars
4%
2008 Mudcrutch Mudcrutch
4%
1964 The Beatles A Hard Day's Nights
0%
No matching quizzes found
Score Distribution
Percent of People with Each Score
Percentile by Number Answered
Your Score History
You have not taken this quiz